000 004860000a22001810004500
020 _a958-607-688-1
041 0 _aSPA
082 0 4 _aG 262.9 C3551s
100 1 _aCastro, Luis Augusto
245 1 0 _aSanto Domingo : Guía para leer el documento / Luis Augusto Castro
260 _aBogotá, Colombia., : San Pablo
300 _a95 Pag
001 7152
942 _cBK
999 _c37377
_d37377
336 _atexto
_btxt
_2rdacontent
337 _2rdamedia
_asin mediación
_bn
338 _2rdacarrier
_avolumen
_bnc